|
|
|
|
| LEADER |
00829nam a22002291a 4500 |
| 001 |
000703308 |
| 003 |
CZ BrMZK |
| 005 |
20040116100840.0 |
| 008 |
040116s1975 xr e cze d |
| 040 |
|
|
|a BOA001
|b cze
|c BOA001
|
| 100 |
1 |
|
|a Hořánek, Jaroslav,
|d 1925-1995
|7 jk01042307
|4 ill
|
| 245 |
1 |
0 |
|a Květiny :
|b závěsné prostorové obrázky /
|c Jaroslav Hořánek ; verši doprovází Jiří Žáček
|
| 250 |
|
|
|a 1. vyd.
|
| 260 |
|
|
|a Praha :
|b Albatros,
|c 1975
|
| 300 |
|
|
|a 1 slož. l. bar. obr.
|
| 490 |
1 |
|
|a Plastické vystřihovánky
|
| 700 |
1 |
|
|a Žáček, Jiří,
|d 1945-
|7 jk01152946
|4 aut
|
| 830 |
|
0 |
|a Plastické vystřihovánky
|
| 910 |
|
|
|a BOA001
|b PK-N-0017.682
|
| 964 |
|
|
|a Květiny - vystřihovánky
|
| 990 |
|
|
|a BK
|
| 996 |
7 |
|
|b 3119638437
|c PK-N-0017.682
|l MZK
|r Sklad / do 1 hodiny
|n 6
|w 000703308
|u 000010
|a 1
|e BOA001
|j MZK50
|s A
|